00822nam a2200241Ia 4500003000400000005001700004008004100021040000700062041000800069082001900077100004500096245005200141260005400193300001000247365001300257440000800270650003700278650003000315906005600345942001200401999001900413952014800432OSt20230522154530.0210423s2002 xx 000 0 und d cAL aeng a323 223bIIHR aINDIAN INSTITUTE OF HUMAN RIGHTS9110649 aHuman rights inglobal and regional perspectives aNew DelhibIndian Institute of Human Rightsc2002 a1,135 b250cINR v3.1 aCivil & Political Rights9110650 aPolitical Science9110651 aHuman ; inglobal ; perspectives ; regional ; rights 2ddccBK c172746d172746 001040708MSWaSACPGbSACPGd2002-04-11eIndian Institute of Human Rightsg250.00l0o323 IIHRpPG019301r2022-08-24 00:00:00w2021-04-26yBK